000 00529nam a2200193Ia 4500
005 20220117164346.0
008 210716s2004 xx 000 0 und d
020 _a8173280363
040 _cAIMIT LIBRARY
041 _aeng
082 _a001.42 KOTC
100 _aKothari, C R.
_913469
245 _aResearch methodology: methods and techniques.
_bMethods and techniques.
250 _a1
260 _aNew Delhi
_bWishwa Prakashan
_c2004
300 _aviii,468
650 _aResearch Methodology
_913470
942 _2ddc
_cBK
999 _c197643
_d197643